Central Library OPAC University of Rajshahi
Normal view MARC view

Entry Corporate Name

Number of records used in: 3

001 - CONTROL NUMBER

  • control field: 711

003 - CONTROL NUMBER IDENTIFIER

  • control field: BD-RjUL

005 - DATE AND TIME OF LATEST TRANSACTION

  • control field: 20220112161310.0

008 - FIXED-LENGTH DATA ELEMENTS

  • fixed length control field: 220112|| aca||aabn | a|a d

040 ## - CATALOGING SOURCE

  • Original cataloging agency: BD-RjUL
  • Transcribing agency: BD-RjUL

110 ## - HEADING--CORPORATE NAME

  • Corporate name or jurisdiction name as entry element: جامعة بير زيت.
  • Subordinate unit: مركز الوثائق والأبحاث

670 ## - SOURCE DATA FOUND

  • Source citation: Work cat.: (BD-RjUL)79172: كناعنه، شريف ;; ،Kanaana, Sharif, 1936- 708, عين حوض ;; ayn hawd /, 1988